- Mendoza, Nydia Constanza
Entrada Nombre Personal
Número de registros utilizados en: 1
001 - NUMERO DE CONTROL
- campo de control: 59231
003 - IDENTIFICADOR DE NUMERO DE CONTROL
- campo de control: MX-MxUPN
005 - FECHA Y HORA DE LA ÜLTIMA TRANSACCIÓN
- campo de control: 20260409114840.0
008 - DATOS DE LONGITUD FIJA
- campo de control de longitud fija: 040512nn acannaabn a aaa d
010 ## - NÚMERO DE CONTROL DE LA BIBLIOTECA DEL CONGRESO
- Número de control LC: no2004045347
035 ## - NUMERO DE CONTROL
- Número de control: (OCoLC)oca06344996
040 ## - FUENTE DE CATALOGACIÓN
- Agencia original de catalogación: NcD
- Lenguaje de catalogación: spa
- Description conventions: rda
- Agencia de transcripción: MX-MxUPN
- Agencia que lo modifica: NmU
- Agencia que lo modifica: DLC
100 1# - ENCABEZAMIENTO - NOMBRE PERSONAL
- Nombre personal: Mendoza, Nydia Constanza
370 ## - LUGAR ASOCIADO
- Associated country: Colombia
- Other associated place: Ciudad de México (Mexico)
372 ## - CAMPO DE ACTIVIDAD
- Field of activity: Educación en comunidad
- Field of activity: Sociología
- Fuente del término: lcsh
372 ## - CAMPO DE ACTIVIDAD
- Field of activity: Estudios culturales
- Field of activity: Estudios latinoamericanos
373 ## - GRUPO ASOCIADO
- Associated group: Universidad Pedagógica Nacional (Colombia)
- Fuente del término: naf
373 ## - GRUPO ASOCIADO
- Associated group: Pontificia Universidad Javeriana
- Fuente del término: naf
373 ## - GRUPO ASOCIADO
- Associated group: Universidad Nacional Autónoma de México
- Fuente del término: naf
377 ## - LENGUA ASOCIADA
- Language code: spa
400 1# - VEÁSE - NOMBRE DE PERSONA
- Personal name: Constanza Mendoza, Nydia
400 1# - VEÁSE - NOMBRE DE PERSONA
- Personal name: Mendoza Romero, Nydia Constanza
400 1# - VEÁSE - NOMBRE DE PERSONA
- Personal name: Romero, Nydia Constanza Mendoza
400 1# - VEÁSE - NOMBRE DE PERSONA
- Personal name: Mendoza R., Nydia Constanza
670 ## - FUENTE EN LA QUE SE LOCALIZARON DATOS
- Cita de la fuente: Organizaciones populares, identidades colectivas y ciudadanía en Bogotá, 2003:
- Información localizada: portada (Nydia Constanza Mendoza) flap (profesora en el departamento de Ciencias Sociales en la Universidad Pedagógica Nacional, Colombia; especializada en educación comunitaria y estudios culturales)
670 ## - FUENTE EN LA QUE SE LOCALIZARON DATOS
- Cita de la fuente: Mundos en disputa, 2007:
- Información localizada: portada (Nydia Constanza Mendoza Romero)
670 ## - FUENTE EN LA QUE SE LOCALIZARON DATOS
- Cita de la fuente: Violencia, desaparición forzada y migraciones en nuestra América, noviembre de 2012:
- Información localizada: página 27 (Nydia Constanza Mendoza R.; licenciada en sociología y maestra en educación comunitaria, Universidad Pedagógica Nacional, Colombia; maestría en estudios culturales, Pontificia Universidad Javeriana, Colombia; instructora-investigadora, departamento de Ciencias Sociales, Universidad Pedagógica Nacional, Colombia; estudiante doctoral en estudios latinoamericanos, UNAM)
670 ## - FUENTE EN LA QUE SE LOCALIZARON DATOS
- Cita de la fuente: Estudios del paramilitarismo. Análisis regionales e investigaciones acerca de la subjetividad paramilitar, 2023 :
- Información localizada: portada (Nydia Constanza Mendoza Romero)
- Uniform Resource Identifier: http://hdl.handle.net/20.500.12209/18433
902 ## - CATALOGADOR
- Catalogador: JohanaAllegre/090426